[Event "FIDE Olympiad Disabilties 2020"]
[Site "Online"]
[Date "2020.11.21"]
[Round "3.20"]
[White "Maia, Jose Eduardo Bastos "]
[Black "Krishna Reddy Garugu"]
[Result "1-0"]
[WhiteElo "2043"]
[BlackElo "1475"]
[Annotator "TA"]
[PlyCount "96"]
[EventDate "2020.11.21"]
[EventType "team-tourn"]
[EventCountry "NET"]
[SourceTitle "playchess.com"]
[Source "ChessBase"]
[SourceQuality "1"]
[WhiteTeam "Brazil"]
[BlackTeam "India"]
[WhiteTeamCountry "BRA"]
[BlackTeamCountry "IND"]

1. d4 Nf6 2. Nf3 g6 3. c4 Bg7 4. Nc3 d5 5. cxd5 Nxd5 6. Bd2 c6 7. e4 Nb6 8. h3 N8d7 9. Be2 Nf6 10. O-O Nfd7 11. Bf4 O-O 12. Qd2 Re8 13. Rfd1 Nf8 14. Bh6 f6 15. a4 Be6 16. Bxg7 Kxg7 17. d5 cxd5 18. exd5 Bf7 19. Bb5 Nbd7 20. a5 a6 21. Ba4 Rc8 22. Nd4 e5 23. dxe6 Bxe6 24. Nxe6+ Rxe6 25. Bxd7 Nxd7 26. Qxd7+ Qxd7 27. Rxd7+ Kh6 28. Rxb7 Rcc6 29. Rd1 g5 30. Rdd7 Re5 31. g4 f5 32. Rxh7+ Kg6 33. Rbg7+ Kf6 34. Rf7+ Ke6 35. gxf5+ Rxf5 36. Rxf5 Kxf5 37. Rd7 Ke6 38. Rd4 Rc5 39. Ra4 Kf5 40. Kg2 Re5 41. Kf3 Rc5 42. Rd4 Kg6 43. Rd6+ Kh5 44. Rxa6 Rf5+ 45. Kg3 Rf8 46. b4 Rc8 47. Nd5 g4 48. hxg4+ Kg5 1-0

[Event "FIDE Olympiad Disabilties 2020"]
[Site "Online"]
[Date "2020.11.21"]
[Round "3.20"]
[White "Polo, Tiago Dias"]
[Black "Kavlekar, Sanjay R."]
[Result "1-0"]
[WhiteElo "1856"]
[BlackElo "1730"]
[Annotator "NA"]
[PlyCount "65"]
[EventDate "2020.11.21"]
[EventType "team-tourn"]
[EventCountry "NET"]
[SourceTitle "playchess.com"]
[Source "ChessBase"]
[SourceQuality "1"]
[WhiteTeam "Brazil"]
[BlackTeam "India"]
[WhiteTeamCountry "BRA"]
[BlackTeamCountry "IND"]

1. d4 Nf6 2. Nf3 g6 3. Bg5 Bg7 4. Nbd2 d6 5. e4 O-O 6. Bd3 c6 7. Qe2 Qa5 8. c3 Re8 9. O-O Nbd7 10. e5 dxe5 11. dxe5 Nd5 12. e6 N7f6 13. exf7+ Kxf7 14. Rfe1 Nh5 15. Bc4 Kf8 16. Nb3 Qc7 17. Rad1 Nhf4 18. Bxf4 Nxf4 19. Qe4 Bf5 20. Qe3 Bf6 21. Nfd4 e6 22. Nxf5 gxf5 23. Qf3 Re7 24. g3 Nh3+ 25. Kg2 Ng5 26. Qh5 Kg7 27. Nd4 c5 28. Nxe6+ Nxe6 29. Qxf5 Nf8 30. Qg4+ Kh6 31. Qf5 Bg7 32. h4 Rxe1 33. Qg5# 1-0

[Event "FIDE Olympiad Disabilties 2020"]
[Site "Online"]
[Date "2020.11.21"]
[Round "3.20"]
[White "Marimuthu K"]
[Black "Barata, Adriano Albiani"]
[Result "1-0"]
[WhiteElo "1588"]
[BlackElo "2144"]
[Annotator "TA"]
[PlyCount "47"]
[EventDate "2020.11.21"]
[EventType "team-tourn"]
[EventCountry "NET"]
[SourceTitle "playchess.com"]
[Source "ChessBase"]
[SourceQuality "1"]
[WhiteTeam "India"]
[BlackTeam "Brazil"]
[WhiteTeamCountry "IND"]
[BlackTeamCountry "BRA"]

1. d4 Nf6 2. c4 c5 3. d5 b5 4. Qc2 bxc4 5. e4 d6 6. Bxc4 g6 7. Nc3 Bg7 8. h3 O-O 9. Nf3 Ba6 10. Bxa6 Nxa6 11. O-O Nb4 12. Qe2 a5 13. Bg5 Nd7 14. a3 Na6 15. Qd2 Re8 16. Rfe1 Rb8 17. Rab1 Qb6 18. Bh6 Bh8 19. h4 c4 20. g3 Nac5 21. Be3 Qa6 22. Kg2 Nd3 23. Rh1 N7c5 24. h5 1-0

[Event "FIDE Olympiad Disabilties 2020"]
[Site "Online"]
[Date "2020.11.21"]
[Round "3.20"]
[White "Malika, Handa"]
[Black "Lopes, Marcia Maria Dias"]
[Result "1-0"]
[WhiteElo "1345"]
[BlackElo "1363"]
[Annotator "NA"]
[PlyCount "63"]
[EventDate "2020.11.21"]
[EventType "team-tourn"]
[EventCountry "NET"]
[SourceTitle "playchess.com"]
[Source "ChessBase"]
[SourceQuality "1"]
[WhiteTeam "India"]
[BlackTeam "Brazil"]
[WhiteTeamCountry "IND"]
[BlackTeamCountry "BRA"]

1. e4 c6 2. d4 d5 3. Nd2 dxe4 4. Nxe4 Bf5 5. Ng3 Bg6 6. Nf3 Nf6 7. Bd3 Bxd3 8. Qxd3 e6 9. O-O Bd6 10. Ne4 h6 11. h3 O-O 12. Be3 Be7 13. Nxf6+ Bxf6 14. Rad1 Nd7 15. c3 Qc7 16. Nd2 e5 17. Ne4 Rfd8 18. Nxf6+ Nxf6 19. Qf5 Nd5 20. Rfe1 Nxe3 21. fxe3 Re8 22. Rd2 e4 23. Rf2 Re7 24. Ref1 Rf8 25. Rf4 Qd7 26. Qxd7 Rxd7 27. Rxe4 f5 28. Re5 g6 29. e4 Rdf7 30. exf5 gxf5 31. Re6 Kg7 32. Rf4 1-0

[Event "FIDE Olympiad Disabilties 2020"]
[Site "Online"]
[Date "2020.11.21"]
[Round "3.21"]
[White "Yarmonov, Igor"]
[Black "Alam, Khorshed"]
[Result "1-0"]
[WhiteElo "2391"]
[BlackElo "2065"]
[Annotator "TA"]
[PlyCount "81"]
[EventDate "2020.11.21"]
[EventType "team-tourn"]
[EventCountry "NET"]
[SourceTitle "playchess.com"]
[Source "ChessBase"]
[SourceQuality "1"]
[WhiteTeam "Ukraine"]
[BlackTeam "Bangladesh"]
[WhiteTeamCountry "UKR"]
[BlackTeamCountry "BAN"]

1. d4 d5 2. Bf4 Nf6 3. e3 e6 4. Nd2 c5 5. c3 Bd6 6. Bxd6 Qxd6 7. Ngf3 Nc6 8. Bd3 O-O 9. O-O Re8 10. Re1 e5 11. dxe5 Nxe5 12. Nxe5 Qxe5 13. Qf3 Bg4 14. Qg3 Qxg3 15. hxg3 Rad8 16. f3 Bd7 17. Kf2 Bc6 18. a3 g6 19. b4 d4 20. cxd4 cxd4 21. e4 Ba4 22. Rac1 Rc8 23. Ke2 Nh5 24. Nf1 Kf8 25. Kd2 a6 26. Rc4 Bb3 27. Rxd4 Red8 28. Rxd8+ Rxd8 29. Rc1 Ke7 30. Ke3 Be6 31. Be2 Rc8 32. Rxc8 Bxc8 33. Kd4 b6 34. Bc4 Ng7 35. Ne3 Ne6+ 36. Bxe6 Bxe6 37. Nd5+ Bxd5 38. Kxd5 Kd7 39. a4 h5 40. f4 f6 41. b5 1-0

[Event "FIDE Olympiad Disabilties 2020"]
[Site "Online"]
[Date "2020.11.21"]
[Round "3.21"]
[White "Husain, Ejaz"]
[Black "Mukha, Nikolay"]
[Result "0-1"]
[WhiteElo "1952"]
[BlackElo "2163"]
[Annotator "TA"]
[PlyCount "100"]
[EventDate "2020.11.21"]
[EventType "team-tourn"]
[EventCountry "NET"]
[SourceTitle "playchess.com"]
[Source "ChessBase"]
[SourceQuality "1"]
[WhiteTeam "Bangladesh"]
[BlackTeam "Ukraine"]
[WhiteTeamCountry "BAN"]
[BlackTeamCountry "UKR"]

1. e4 c6 2. Nc3 d5 3. Nf3 Bg4 4. h3 Bxf3 5. Qxf3 e6 6. exd5 cxd5 7. d4 Nc6 8. Ne2 Nf6 9. c3 Qa5 10. Qd3 Bd6 11. Bf4 Bxf4 12. Nxf4 O-O 13. Be2 e5 14. dxe5 Nxe5 15. Qb5 Qxb5 16. Bxb5 a6 17. Be2 Rfe8 18. O-O-O Ng6 19. Nxg6 Rxe2 20. Nf4 Rxf2 21. Rhf1 Rxf1 22. Rxf1 Re8 23. Rd1 Re5 24. Nd3 Re7 25. Nf4 Rd7 26. Ne2 h5 27. Nd4 g6 28. Re1 Kg7 29. Kc2 Ne4 30. Re3 f5 31. Rf3 Rf7 32. h4 Re7 33. Re3 Kf6 34. g3 Nc5 35. Rxe7 Kxe7 36. Ne2 Ne6 37. Nf4 Kf6 38. Kd3 Nxf4+ 39. gxf4 Ke6 40. Kd4 Kd6 41. b3 b6 42. a4 a5 43. b4 b5 44. bxa5 bxa4 45. a6 Kc6 46. c4 a3 47. cxd5+ Kb6 48. Kc3 Kxa6 49. Kb3 Kb6 50. Kxa3 Kc5 0-1

[Event "FIDE Olympiad Disabilties 2020"]
[Site "Online"]
[Date "2020.11.21"]
[Round "3.21"]
[White "Sovietova, Kateryna"]
[Black "Sarkar, Bappi"]
[Result "0-1"]
[WhiteElo "1338"]
[BlackElo "1808"]
[Annotator "NA"]
[PlyCount "68"]
[EventDate "2020.11.21"]
[EventType "team-tourn"]
[EventCountry "NET"]
[SourceTitle "playchess.com"]
[Source "ChessBase"]
[SourceQuality "1"]
[WhiteTeam "Ukraine"]
[BlackTeam "Bangladesh"]
[WhiteTeamCountry "UKR"]
[BlackTeamCountry "BAN"]

1. d4 d5 2. Bf4 Nf6 3. e3 e6 4. Nf3 Nbd7 5. Bd3 Bd6 6. Bxd6 cxd6 7. O-O O-O 8. c4 e5 9. dxe5 dxe5 10. Be2 e4 11. Nd4 dxc4 12. Bxc4 Ne5 13. Nd2 Nfg4 14. h3 Qh4 15. Nxe4 Nxe3 16. fxe3 Nxc4 17. Rf4 Qe7 18. Qf3 Nxb2 19. Rf1 Nd3 20. Nf6+ Kh8 21. Rh4 h6 22. g4 Qxf6 23. Qxf6 gxf6 24. Rxf6 Kg7 25. Rhxh6 Rh8 26. Rxh8 Kxh8 27. h4 Bxg4 28. Rxf7 Rg8 29. Kh2 Ne1 30. Rxb7 Bc8 31. Rxa7 Rg2+ 32. Kh1 Bh3 33. Nf3 Nxf3 34. Rf7 Rh2# 0-1

[Event "FIDE Olympiad Disabilties 2020"]
[Site "Online"]
[Date "2020.11.21"]
[Round "3.21"]
[White "Marufa Azad, Sukanna"]
[Black "Sovetov, Oleksandr"]
[Result "0-1"]
[WhiteElo "1164"]
[BlackElo "2022"]
[Annotator "TA"]
[PlyCount "90"]
[EventDate "2020.11.21"]
[EventType "team-tourn"]
[EventCountry "NET"]
[SourceTitle "playchess.com"]
[Source "ChessBase"]
[SourceQuality "1"]
[WhiteTeam "Bangladesh"]
[BlackTeam "Ukraine"]
[WhiteTeamCountry "BAN"]
[BlackTeamCountry "UKR"]

1. e4 c6 2. d4 d5 3. exd5 cxd5 4. Nc3 Nf6 5. Nf3 Nc6 6. Bb5 Bg4 7. Qd3 Rc8 8. h3 Bh5 9. Ne5 e6 10. a3 Be7 11. g4 Bg6 12. Nxg6 hxg6 13. Bf4 Nxg4 14. O-O-O Nxf2 15. Bxc6+ Rxc6 16. Qe2 Nxh1 17. Rxh1 Bg5 18. Qe3 Rh5 19. Ne2 Bxf4 20. Nxf4 Rf5 21. h4 Qc7 22. Rf1 Rxc2+ 23. Kb1 Rh2 24. Rc1 Qxf4 25. Rc8+ Ke7 26. Qc3 Kf6 27. Qa5 Qd6 28. Rc7 Qb6 29. Qc3 Rf1+ 30. Ka2 Rff2 31. Ka1 Qxb2+ 32. Qxb2 Rxb2 33. a4 Rbd2 34. Rxb7 Rd1+ 35. Rb1 Rxd4 36. Rf1+ Ke7 37. Kb1 Rb4+ 38. Ka1 Rxa4+ 39. Kb1 Raxh4 40. Rc1 Rh1 41. Kc2 Rc4+ 42. Kb2 Rhxc1 43. Kb3 R1c3+ 44. Kb2 Rh3 45. Kb1 Rh2 0-1

[Event "FIDE Olympiad Disabilties 2020"]
[Site "Online"]
[Date "2020.11.21"]
[Round "3.23"]
[White "Aigner, Michael"]
[Black "Stroe, Constantin"]
[Result "1/2-1/2"]
[WhiteElo "2006"]
[BlackElo "1917"]
[Annotator "TA"]
[PlyCount "97"]
[EventDate "2020.11.21"]
[EventType "team-tourn"]
[EventCountry "NET"]
[SourceTitle "playchess.com"]
[Source "ChessBase"]
[SourceQuality "1"]
[WhiteTeam "United States"]
[BlackTeam "Romania"]
[WhiteTeamCountry "USA"]
[BlackTeamCountry "ROU"]

1. e4 e6 2. d4 d5 3. Nc3 Nf6 4. Bg5 Be7 5. e5 Nfd7 6. Bxe7 Qxe7 7. f4 a6 8. Nf3 c5 9. dxc5 Nxc5 10. Bd3 Nc6 11. O-O Nxd3 12. cxd3 O-O 13. Qd2 b5 14. Ne2 Bb7 15. Rac1 Rac8 16. d4 f5 17. Ne1 Qb4 18. Rc3 Qa5 19. Nd3 Qb6 20. Nc5 Rfe8 21. Rfc1 b4 22. R3c2 a5 23. Qd3 Nb8 24. Ng3 Ba6 25. Qd1 Bb5 26. b3 Na6 27. Nh1 Rc7 28. Nxa6 Rxc2 29. Rxc2 Bxa6 30. Nf2 Rc8 31. Rxc8+ Bxc8 32. Qd2 Ba6 33. Nd1 Qc6 34. Kf2 Kf7 35. Ke3 h6 36. h3 g5 37. g3 Kg6 38. Nb2 Bb5 39. Nd1 Kf7 40. g4 fxg4 41. fxg5 hxg5 42. hxg4 Kg6 43. Kf2 Qc8 44. Kg3 Qh8 45. Qc2+ Kf7 46. Qc7+ Kg6 47. Qc2+ Kf7 48. Qc7+ Kg6 49. Qc2+ 1/2-1/2

[Event "FIDE Olympiad Disabilties 2020"]
[Site "Online"]
[Date "2020.11.21"]
[Round "3.23"]
[White "Dima, Mihai"]
[Black "McConnell, Griffin"]
[Result "0-1"]
[WhiteElo "1997"]
[BlackElo "1823"]
[Annotator "TA"]
[PlyCount "158"]
[EventDate "2020.11.21"]
[EventType "team-tourn"]
[EventCountry "NET"]
[SourceTitle "playchess.com"]
[Source "ChessBase"]
[SourceQuality "1"]
[WhiteTeam "Romania"]
[BlackTeam "United States"]
[WhiteTeamCountry "ROU"]
[BlackTeamCountry "USA"]

1. e4 c6 2. d4 d5 3. e5 Bf5 4. h4 h5 5. c4 e6 6. Nc3 Ne7 7. Qb3 Qc7 8. Nge2 Nd7 9. Nf4 g6 10. cxd5 exd5 11. Be3 Bh6 12. Rc1 Qb6 13. Qxb6 axb6 14. a3 f6 15. exf6 Nxf6 16. Be2 Kf7 17. Nd3 Bxd3 18. Bxd3 Ng4 19. Bxh6 Nxh6 20. Ne2 Nef5 21. g3 Rhe8 22. O-O Kf6 23. Rcd1 Re7 24. Rfe1 Rae8 25. Kf1 Ng4 26. Bxf5 Kxf5 27. Rd2 b5 28. Rc2 g5 29. hxg5 Kxg5 30. Kg2 Nh6 31. Rd2 Nf5 32. Kf1 Re4 33. Red1 Kg4 34. Ng1 R4e7 35. Kg2 h4 36. gxh4 Nxh4+ 37. Kf1 Re4 38. Rd3 Rf8 39. Rg3+ Kh5 40. Rh3 Rff4 41. Ne2 Rf3 42. Ng3+ Kg6 43. Rh2 Rg4 44. Ke2 Rff4 45. Ke3 Nf3 46. Rh8 Kg7 47. Rb8 Kf6 48. Rf8+ Kg5 49. Rg8+ Kf6 50. Nh5+ Kf7 51. Rxg4 Rxg4 52. Kxf3 Re4 53. Ng3 Re8 54. Rd3 Re1 55. Re3 Rb1 56. Re2 Kf6 57. Kf4 Rd1 58. Ke3 b6 59. Rd2 Re1+ 60. Kf4 Rc1 61. Ne2 Rf1 62. Ke3 Ke6 63. Nf4+ Kd6 64. Nd3 c5 65. dxc5+ bxc5 66. Ke2 Rh1 67. Rc2 c4 68. Nb4 d4 69. Rd2 Rh4 70. Kf3 Kc5 71. Kg3 Rh8 72. Nc2 d3 73. Ne3 Kd4 74. Kf4 Rf8+ 75. Nf5+ Kc5 76. f3 Re8 77. Ng3 Kd4 78. Ne2+ Rxe2 79. Rd1 Rxb2 0-1

[Event "FIDE Olympiad Disabilties 2020"]
[Site "Online"]
[Date "2020.11.21"]
[Round "3.23"]
[White "Shankar, Pranav"]
[Black "Vieru, Eugen-Cezar"]
[Result "1-0"]
[WhiteElo "1499"]
[BlackElo "1798"]
[Annotator "NA"]
[PlyCount "109"]
[EventDate "2020.11.21"]
[EventType "team-tourn"]
[EventCountry "NET"]
[SourceTitle "playchess.com"]
[Source "ChessBase"]
[SourceQuality "1"]
[WhiteTeam "United States"]
[BlackTeam "Romania"]
[WhiteTeamCountry "USA"]
[BlackTeamCountry "ROU"]

1. d4 Nf6 2. c4 d5 3. cxd5 Nxd5 4. e4 Nb6 5. Nc3 e6 6. Be3 c6 7. Nf3 Be7 8. Bd3 N8d7 9. O-O Nf6 10. Qc2 h6 11. h3 Nbd7 12. Ne2 c5 13. dxc5 Nxc5 14. Bxc5 Bxc5 15. Bb5+ Bd7 16. Qxc5 Nxe4 17. Bxd7+ Qxd7 18. Qe3 Nf6 19. Rfd1 Qe7 20. Nc3 O-O 21. Rd2 a6 22. a4 Rfd8 23. Rad1 Rxd2 24. Qxd2 Qc5 25. Qd6 Qf5 26. Qc7 b5 27. Rd8+ Rxd8 28. Qxd8+ Kh7 29. axb5 axb5 30. Qb6 Qf4 31. Qxb5 Qc1+ 32. Qf1 Qxb2 33. Qb1+ Qxb1+ 34. Nxb1 Nd5 35. g3 Kg6 36. Nbd2 f6 37. Kg2 e5 38. Nh4+ Kf7 39. Kf3 Nc3 40. Nf5 h5 41. Ne4 Nb5 42. Nfd6+ Nxd6 43. Nxd6+ Ke6 44. Ne4 Kf5 45. Ke3 g5 46. f3 Kg6 47. h4 g4 48. f4 f5 49. fxe5 fxe4 50. Kxe4 Kf7 51. Kf5 Ke7 52. e6 Ke8 53. Kg6 Ke7 54. Kxh5 Kxe6 55. Kxg4 1-0

[Event "FIDE Olympiad Disabilties 2020"]
[Site "Online"]
[Date "2020.11.21"]
[Round "3.23"]
[White "Lupascu, Maria"]
[Black "Thilaganathan, Jessica"]
[Result "1-0"]
[WhiteElo "1480"]
[BlackElo "1892"]
[Annotator "NA"]
[PlyCount "127"]
[EventDate "2020.11.21"]
[EventType "team-tourn"]
[EventCountry "NET"]
[SourceTitle "playchess.com"]
[Source "ChessBase"]
[SourceQuality "1"]
[WhiteTeam "Romania"]
[BlackTeam "England"]
[WhiteTeamCountry "ROU"]
[BlackTeamCountry "ENG"]

1. c4 Nf6 2. Nc3 c6 3. Nf3 d6 4. d3 Nbd7 5. e4 Qc7 6. Be2 g6 7. O-O Bg7 8. h3 h5 9. Bf4 e5 10. Bg5 Nf8 11. Nh2 Ne6 12. Be3 Nd4 13. b3 Be6 14. f4 Nd7 15. Rc1 exf4 16. Bxf4 Be5 17. Bxe5 Nxe5 18. Nf3 Nexf3+ 19. Bxf3 Qd7 20. Qd2 f5 21. Ne2 Nxf3+ 22. Rxf3 fxe4 23. dxe4 O-O-O 24. Rcf1 Rhg8 25. Qe3 Kb8 26. Nd4 g5 27. Nxe6 Qxe6 28. Rf5 Rde8 29. Rxg5 Rxg5 30. Qxg5 Qxe4 31. Qxh5 Re5 32. Qf3 Qd4+ 33. Qf2 Re3 34. h4 Kc7 35. h5 Qe5 36. h6 Re2 37. Qf7+ Kb6 38. Qf4 Qc5+ 39. Kh1 Re5 40. Qf2 Rh5+ 41. Kg1 Qxf2+ 42. Kxf2 Rxh6 43. g4 Rh2+ 44. Kg3 Rxa2 45. g5 Ra5 46. Kg4 Re5 47. g6 Re2 48. Rg1 Re8 49. Kf5 Rf8+ 50. Ke6 Kc7 51. g7 Rg8 52. Kf7 Rxg7+ 53. Rxg7 c5 54. Ke6+ Kb6 55. Kxd6 a5 56. Kd5 Ka6 57. Kxc5 b6+ 58. Kc6 a4 59. bxa4 Ka5 60. c5 bxc5 61. Kxc5 Kxa4 62. Rb7 Ka3 63. Kc4 Ka2 64. Kc3 1-0

[Event "FIDE Olympiad Disabilties 2020"]
[Site "Online"]
[Date "2020.11.21"]
[Round "3.25"]
[White "Muming, Ardian Syah"]
[Black "Leyton Calderon, Jairo Oswaldo"]
[Result "1-0"]
[WhiteElo "1431"]
[BlackElo "1526"]
[Annotator "NA"]
[PlyCount "81"]
[EventDate "2020.11.21"]
[EventType "team-tourn"]
[EventCountry "NET"]
[SourceTitle "playchess.com"]
[Source "ChessBase"]
[SourceQuality "1"]
[WhiteTeam "Malaysia"]
[BlackTeam "Nicaragua"]
[WhiteTeamCountry "MAS"]
[BlackTeamCountry "NCA"]

1. d4 Nf6 2. c4 g6 3. Nf3 Bg7 4. g3 O-O 5. Bg2 d6 6. O-O Nbd7 7. Re1 e5 8. e3 Re8 9. Nc3 exd4 10. exd4 Rxe1+ 11. Qxe1 Nb6 12. b3 Bf5 13. Bg5 h6 14. Be3 c6 15. Qd2 Kh7 16. Nh4 Bd7 17. Re1 d5 18. c5 Nc8 19. f4 Ne7 20. Nf3 Nf5 21. Bf2 Qf8 22. Ne5 Be6 23. Qd3 Re8 24. g4 Ne7 25. Bh3 Nd7 26. f5 Nxe5 27. dxe5 gxf5 28. gxf5 Nxf5 29. Bxf5+ Kh8 30. Qh3 Bxf5 31. Qxf5 Re6 32. b4 Qe7 33. Bg3 Rg6 34. Kg2 Rg5 35. Qf4 Qd7 36. a3 Rf5 37. Qd2 Qe6 38. Qd4 Qg6 39. Re3 Qg5 40. Nd1 Rf4 41. Qxf4 1-0

[Event "FIDE Olympiad Disabilties 2020"]
[Site "Online"]
[Date "2020.11.21"]
[Round "3.25"]
[White "Mendoza Lainez, Ricardo Jose"]
[Black "Ahmad, Aqilah Syahira"]
[Result "0-1"]
[WhiteElo "1137"]
[BlackElo "1146"]
[Annotator "NA"]
[PlyCount "66"]
[EventDate "2020.11.21"]
[EventType "team-tourn"]
[EventCountry "NET"]
[SourceTitle "playchess.com"]
[Source "ChessBase"]
[SourceQuality "1"]
[WhiteTeam "Nicaragua"]
[BlackTeam "Malaysia"]
[WhiteTeamCountry "NCA"]
[BlackTeamCountry "MAS"]

1. e4 e5 2. Nc3 Nf6 3. Bc4 d6 4. h3 Be7 5. f4 Nc6 6. Nf3 O-O 7. f5 b6 8. a4 Bb7 9. O-O Nd4 10. Kh1 Nxe4 11. Nd5 Ng3+ 12. Kg1 Nxf1 13. Qxf1 Nxf5 14. g4 Nd4 15. d3 Nxc2 16. Rb1 Nd4 17. Be3 Nxf3+ 18. Qxf3 c6 19. Nc3 d5 20. Bb3 d4 21. Ne2 dxe3 22. Qxe3 Bc5 23. d4 Bxd4 24. Nxd4 Qxd4 25. Qxd4 exd4 26. g5 Rae8 27. Kf1 Re3 28. Bc4 Rxh3 29. Kg2 Re3 30. Rf1 c5+ 31. Kf2 Rf3+ 32. Kg1 Rxf1+ 33. Bxf1 Re8 0-1

[Event "FIDE Olympiad Disabilties 2020"]
[Site "Online"]
[Date "2020.11.21"]
[Round "3.26"]
[White "Ab Rahman, Muhd Ikmal Faiz"]
[Black "Sadam, Ali Sheikh"]
[Result "1-0"]
[WhiteElo "1414"]
[BlackElo "1190"]
[Annotator "NA"]
[PlyCount "87"]
[EventDate "2020.11.21"]
[EventType "team-tourn"]
[EventCountry "NET"]
[SourceTitle "playchess.com"]
[Source "ChessBase"]
[SourceQuality "1"]
[WhiteTeam "Malaysia"]
[WhiteTeamCountry "MAS"]

1. e4 e6 2. Nf3 d5 3. exd5 exd5 4. d4 Nf6 5. Bd3 b6 6. Bg5 Be7 7. O-O Nbd7 8. c3 O-O 9. Qc2 Re8 10. Nbd2 c5 11. Bb5 Qc7 12. Rfe1 a6 13. Bd3 h6 14. Bh4 Qf4 15. Bg3 Qg4 16. Ne5 Nxe5 17. Rxe5 c4 18. Be2 Qd7 19. Re1 Qc6 20. Bf3 Be6 21. R5e2 a5 22. Be5 Bd6 23. Bxf6 gxf6 24. Nf1 Kh8 25. Ng3 Rg8 26. Nf5 Rg6 27. Nxd6 Qxd6 28. Rxe6 Qf4 29. Re8+ Rxe8 30. Rxe8+ Kg7 31. Qe2 Qc1+ 32. Qf1 Qxb2 33. Bxd5 Qxc3 34. Bxc4 f5 35. Re7 Rf6 36. d5 f4 37. h3 Rg6 38. Kh2 Qb4 39. Re4 Qd6 40. Qd3 f3+ 41. g3 Rf6 42. Rg4+ Kh8 43. Qe4 Qd8 44. Qe5 1-0

[Event "FIDE Olympiad Disabilties 2020"]
[Site "Online"]
[Date "2020.11.21"]
[Round "3.26"]
[White "Osman, Saiful Azham"]
[Black "Mosongoh Geoffrey Maoga"]
[Result "1-0"]
[WhiteElo "1242"]
[BlackElo "1199"]
[Annotator "NA"]
[PlyCount "47"]
[EventDate "2020.11.21"]
[EventType "team-tourn"]
[EventCountry "NET"]
[SourceTitle "playchess.com"]
[Source "ChessBase"]
[SourceQuality "1"]
[BlackTeam "Kenya"]
[BlackTeamCountry "KEN"]

1. e4 e5 2. Nf3 Nf6 3. Bc4 d6 4. d3 c6 5. Nc3 Be7 6. h3 O-O 7. Ng5 b5 8. Bb3 a5 9. a3 a4 10. Ba2 h6 11. h4 hxg5 12. hxg5 Bg4 13. f3 Be6 14. gxf6 Bxf6 15. f4 Bh4+ 16. Kf1 Qf6 17. Qf3 g5 18. f5 Bd7 19. Qg4 Kg7 20. Rxh4 Rh8 21. Rxh8 Kxh8 22. Qh5+ Kg8 23. Bxg5 Qh8 24. Qxf7# 1-0

[Event "FIDE Olympiad Disabilties 2020"]
[Site "Online"]
[Date "2020.11.21"]
[Round "3.27"]
[White "Gora, Tapiwa"]
[Black "Khishigbayar, Mijgee"]
[Result "1-0"]
[WhiteElo "1929"]
[BlackElo "1847"]
[Annotator "NA"]
[PlyCount "83"]
[EventDate "2020.11.21"]
[EventType "team-tourn"]
[EventCountry "NET"]
[SourceTitle "playchess.com"]
[Source "ChessBase"]
[SourceQuality "1"]
[WhiteTeam "Zimbabwe"]
[BlackTeam "Mongolia"]
[WhiteTeamCountry "ZIM"]
[BlackTeamCountry "MGL"]

1. e4 c5 2. Nf3 Nc6 3. d4 cxd4 4. Nxd4 d6 5. Nc3 g6 6. Bb5 Bd7 7. Be3 Bg7 8. f3 Nf6 9. Qd2 O-O 10. h4 a6 11. Bxc6 bxc6 12. O-O-O Re8 13. g4 Rb8 14. h5 Qa5 15. Nb3 Qb4 16. hxg6 fxg6 17. a3 Qb7 18. Bh6 Bh8 19. Qh2 Kf7 20. e5 dxe5 21. Na4 Qc7 22. Nac5 Bc8 23. Rhe1 Rd8 24. Rxd8 Qxd8 25. Qxe5 Qd6 26. Bf4 Ne8 27. Qe3 e5 28. Bg3 Nc7 29. Qh6 Kg8 30. Rd1 Qe7 31. Ne4 Be6 32. Bh4 Qf8 33. Qxf8+ Rxf8 34. Rd3 Bd5 35. Nbc5 h6 36. b3 g5 37. Bg3 a5 38. c4 Bxe4 39. Nxe4 Ne6 40. Be1 a4 41. bxa4 Nd4 42. Bb4 1-0

[Event "FIDE Olympiad Disabilties 2020"]
[Site "Online"]
[Date "2020.11.21"]
[Round "3.28"]
[White "Yildirim, Seyfettin Cagri"]
[Black "Bruno, Alejandro P."]
[Result "1-0"]
[WhiteElo "1516"]
[BlackElo "2294"]
[Annotator "NA RC"]
[PlyCount "79"]
[EventDate "2020.11.21"]
[EventType "team-tourn"]
[EventCountry "NET"]
[SourceTitle "playchess.com"]
[Source "ChessBase"]
[SourceQuality "1"]
[WhiteTeam "Turkey"]
[BlackTeam "Argentina"]
[WhiteTeamCountry "TUR"]
[BlackTeamCountry "ARG"]

1. e4 c5 2. Nf3 d6 3. d4 cxd4 4. Nxd4 Nf6 5. Nc3 a6 6. Bc4 e6 7. Be3 Be7 8. Bb3 Qc7 9. Qe2 b5 10. f3 Bd7 11. O-O-O O-O 12. g4 Nc6 13. h4 Rfd8 14. h5 Rac8 15. g5 Ne8 16. Rdg1 Ne5 17. g6 h6 18. gxf7+ Kxf7 19. Qg2 b4 20. Na4 Nd3+ 21. Kb1 Ne5 22. Bxh6 Bf6 23. Bf4 Ke7 24. h6 gxh6 25. Rxh6 Ng7 26. Rxf6 Rg8 27. Bxe5 dxe5 28. Rg6 exd4 29. Rxg7+ Rxg7 30. Qxg7+ Kd6 31. Qxd4+ Ke7 32. Rg7+ Ke8 33. Nb6 Qd8 34. Rg8+ Ke7 35. Rxd8 Rxd8 36. Qc5+ Ke8 37. Nxd7 Rxd7 38. Ba4 Kf7 39. Bxd7 Kf6 40. Qxb4 1-0

[Event "FIDE Olympiad Disabilties 2020"]
[Site "Online"]
[Date "2020.11.21"]
[Round "3.28"]
[White "Bonilla, Julio Cesar"]
[Black "Ozalp, Sinan"]
[Result "0-1"]
[WhiteElo "1261"]
[BlackElo "1549"]
[Annotator "NA"]
[PlyCount "94"]
[EventDate "2020.11.21"]
[EventType "team-tourn"]
[EventCountry "NET"]
[SourceTitle "playchess.com"]
[Source "ChessBase"]
[SourceQuality "1"]
[WhiteTeam "Colombia"]
[BlackTeam "Turkey"]
[WhiteTeamCountry "COL"]
[BlackTeamCountry "TUR"]

1. d4 d5 2. Bf4 Bf5 3. e3 Nf6 4. Bd3 Bxd3 5. cxd3 e6 6. Nf3 Be7 7. Nc3 O-O 8. O-O Nc6 9. Rc1 a6 10. Ne5 Nxe5 11. dxe5 Nd7 12. d4 c5 13. Qf3 Bg5 14. Ne2 Bxf4 15. Nxf4 cxd4 16. exd4 f6 17. Qg3 fxe5 18. dxe5 Nxe5 19. Nxe6 Qf6 20. Nxf8 Rxf8 21. b3 Nc6 22. Rcd1 Nd4 23. Qd3 Nc6 24. Qxd5+ Kh8 25. Qd6 Qf5 26. Rd3 Rf6 27. Qd7 h6 28. Qe8+ Rf8 29. Qe3 Nb4 30. Rd2 Rc8 31. Qg3 Nc2 32. Rd6 Qe4 33. Rd7 Rg8 34. Rfd1 b5 35. Rxg7 Rxg7 36. Rd8+ Kh7 37. Rd1 Rxg3 38. hxg3 Qe2 39. Rf1 Nd4 40. b4 Qxa2 41. g4 Ne2+ 42. Kh2 Qc4 43. Rd1 Nf4 44. Rd7+ Kg6 45. Rd6+ Kg5 46. Rd7 Qf1 47. Rg7+ Kf6 0-1